| 000 | 00908 a2200205 4500 | ||
|---|---|---|---|
| 003 | NUST | ||
| 005 | 20230118153607.0 | ||
| 010 | _a 72077983 | ||
| 020 | _a0882240048 | ||
| 040 | _cNust | ||
| 082 | 0 | 0 | _a718.4,RIC |
| 100 | 1 |
_aRice, Frank M. _938850 |
|
| 245 | 1 | 0 |
_aEnglish and its teaching / _cFrank M. Rice. |
| 260 |
_aLincoln, Neb., _bProfessional Educators Publications _c[1972] |
||
| 300 |
_a98 p.; _c23 cm. |
||
| 490 | 0 | _aThe Professional education series | |
| 505 | _aOn Becoming a Teacher of English (Page-7), The Revolt Against Traditional English Programming (Page-14), New Developments in Literature Curricula and Their Teaching (Page-23), New Developments in Composition Curricula and Their Teaching (Page-54), A Miscellany Concerning The Teaching of English and The Curriculum (Page-72). | ||
| 650 | 0 |
_aEnglish language _xStudy and teaching (Secondary) _938851 |
|
| 942 |
_2ddc _cBK _k418.4,RIC |
||
| 999 |
_c185326 _d185326 |
||